Normal view
MARC view
- Sharf, Richard S.
Entry Personal Name
001 - CONTROL NUMBER
- control field: 4087
003 - CONTROL NUMBER IDENTIFIER
- control field: NUST
005 - DATE AND TIME OF LATEST TRANSACTION
- control field: 20170823164555.0
008 - FIXED-LENGTH DATA ELEMENTS
- fixed length control field: 170823|| aca||aabn | a|a d
040 ## - CATALOGING SOURCE
- Original cataloging agency: NUST
- Transcribing agency: NUST
100 ## - HEADING--PERSONAL NAME
- Personal name: Sharf, Richard S.
670 ## - SOURCE DATA FOUND
- Source citation: Work cat.: (NUST)0: Sharf, Richard S., Applying career development theory to counseling /
